| 000 | 00679nab a2200181 4500 | ||
|---|---|---|---|
| 001 | 244442 | ||
| 003 | OSt | ||
| 005 | 20240711092036.0 | ||
| 007 | tu | ||
| 008 | 200917s2020||||||| | ||
| 040 |
_aDE-2950 _cDE-2950 |
||
| 245 | 0 | 0 |
_aViel los beim Slubicer Stadtfest _bBunter Hering. Teil 1 des Hansestadtfestes begann am Freitag in Slubice mit Sonnenschein. Am Tag darauf folgte Starkregen - die Stimmung trübte das nicht. Das waren die Highlights/ _cMarlena Dumin, Leonard Palm |
| 264 | _c2024 | ||
| 653 | _aFrankfurt (Oder) - Slubice | ||
| 653 | _aStadtfest | ||
| 773 | 0 |
_g35. Jahrgang (2024) Nr. 157 vom 08.07.2024, S. 13 mit Foto _tMärkische Oderzeitung |
|
| 942 |
_2z _cA |
||
| 999 |
_c373247 _d373247 |
||